[Event "Hamburg-chT Landesliga 1920"]
[Site "Hamburg"]
[Date "2020.01.19"]
[Round "5.3"]
[White "Schroeder, Christoph"]
[Black "Zur Lage, Julian"]
[Result "1/2-1/2"]
[WhiteElo "2162"]
[BlackElo "2137"]
[PlyCount "81"]
[EventDate "2019.09.29"]
[EventType "team-tourn"]
[EventRounds "9"]
[EventCountry "GER"]
[SourceTitle "EXT 2021"]
[Source "ChessBase"]
[SourceDate "2020.10.23"]
[SourceVersion "1"]
[SourceVersionDate "2020.10.23"]
[SourceQuality "1"]

1. e4 c5 2. Nf3 Nc6 3. d4 cxd4 4. Nxd4 Nf6 5. Nc3 e5 6. Ndb5 d6 7. Bg5 a6 8. Na3 b5 9. Nd5 Be7 10. Bxf6 Bxf6 11. c3 0-0 12. Nc2 Bg5 13. a4 bxa4 14. Rxa4 a5 15. Bc4 Rb8 16. b3 Kh8 17. 0-0 f5 18. exf5 Bxf5 19. Nce3 Bd7 20. Ra2 Bf4 21. g3 Bh6 22. Ng4 Bg5 23. h4 Qc8 24. f3 Bd8 25. Nge3 Be8 26. Qe2 Qb7 27. Kh2 Bf7 28. Rd2 Be6 29. f4 Bxd5 30. Bxd5 exf4 31. Nf5 Qc7 32. Rxf4 Bf6 33. Rc4 Qd7 34. Be6 Qb7 35. Nxd6 Qb6 36. Re4 Bxc3 37. Nf7+ Kg8 38. Nh6+ Kh8 39. Nf7+ Kg8 40. Ne5+ Kh8 41. Nf7+ 1/2-1/2

[Event "Oberliga Nord W 1819"]
[Site "Germany"]
[Date "2018.12.16"]
[Round "4.7"]
[White "Feist, Mathias"]
[Black "Zur Lage, Julian"]
[Result "1/2-1/2"]
[WhiteElo "2103"]
[BlackElo "2119"]
[PlyCount "61"]
[EventDate "2018.10.21"]
[EventType "team-tourn"]
[EventRounds "9"]
[EventCountry "GER"]
[SourceTitle "EXT 2020"]
[Source "ChessBase"]
[SourceDate "2019.10.17"]
[SourceVersion "1"]
[SourceVersionDate "2019.10.17"]
[SourceQuality "1"]
[WhiteTeam "Tostedt"]
[BlackTeam "Hellern"]
[WhiteTeamCountry "GER"]
[BlackTeamCountry "GER"]

1. d4 d5 2. c4 c6 3. Nf3 Nf6 4. Bg5 dxc4 5. Qc2 Qa5+ 6. Bd2 Qf5 7. Qxc4 Nbd7 8. e3 Nb6 9. Qd3 Nbd5 10. a3 g6 11. Nc3 Nxc3 12. Bxc3 Bg7 13. Be2 0-0 14. 0-0 Rd8 15. Rfd1 Qd5 16. Bb4 Bf5 17. Qc3 Kf8 18. Rac1 Rdc8 19. Ne5 Nd7 20. Nd3 Nb6 21. Qc5 Bf6 22. Bf3 Qe6 23. Ba5 Nd7 24. Qc4 Qxc4 25. Rxc4 b6 26. Be1 Bxd3 27. Rxd3 c5 28. dxc5 Nxc5 29. Bxa8 Rxa8 30. b4 Nxd3 31. Kf1 1/2-1/2

[Event "Oberliga Nord W 1718"]
[Site "Germany"]
[Date "2017.11.12"]
[Round "3.4"]
[White "Zur Lage, Julian"]
[Black "Renner, Kai"]
[Result "0-1"]
[WhiteElo "2121"]
[BlackElo "2151"]
[PlyCount "34"]
[EventDate "2017.10.08"]
[EventType "team-tourn"]
[EventRounds "9"]
[EventCountry "GER"]
[SourceTitle "EXT 2019"]
[Source "ChessBase"]
[SourceDate "2018.10.10"]
[SourceVersion "1"]
[SourceVersionDate "2018.10.10"]
[SourceQuality "1"]
[WhiteTeam "Hellern"]
[BlackTeam "Hameln"]
[WhiteTeamCountry "GER"]
[BlackTeamCountry "GER"]

1. d4 f5 2. g3 Nf6 3. Bg2 g6 4. Nf3 Bg7 5. 0-0 0-0 6. c4 d6 7. Nc3 Qe8 8. Re1 Qf7 9. d5 Ne4 10. Nb5 e5 11. e3 a6 12. Na3 Nd7 13. Nd2 Nec5 14. Nf3 h6 15. Re2 e4 16. Nd4 Ne5 17. Nac2 Nxc4 0-1

[Event "Oberliga Bayern 1213"]
[Site "Bayern"]
[Date "2013.04.14"]
[Round "9.8"]
[White "Zur Lage, Julian"]
[Black "Kellermann, Johannes"]
[Result "1-0"]
[WhiteElo "1986"]
[BlackElo "1463"]
[PlyCount "71"]
[EventDate "2012.10.14"]
[EventType "team-tourn"]
[EventRounds "9"]
[EventCountry "GER"]
[SourceTitle "EXT 2015"]
[Source "ChessBase"]
[SourceDate "2014.11.20"]
[SourceVersion "1"]
[SourceVersionDate "2014.11.20"]
[SourceQuality "1"]
[WhiteTeam "Muenchen Tarrasch"]
[BlackTeam "Kriegshaber"]
[WhiteTeamCountry "GER"]
[BlackTeamCountry "GER"]

1. d4 d5 2. c4 c6 3. Nf3 Nf6 4. Qb3 Qb6 5. c5 Qc7 6. g3 e6 7. Bf4 Qd8 8. Bg2 Be7 9. 0-0 0-0 10. Nc3 Nbd7 11. Qc2 Nh5 12. Bd2 f5 13. b4 b6 14. b5 cxb5 15. c6 Nb8 16. Ne5 a6 17. Nxd5 exd5 18. c7 Qd6 19. cxb8Q Rxb8 20. Nc6 Rb7 21. Bb4 Qe6 22. Nxe7+ Rxe7 23. Bxe7 Qxe7 24. Bxd5+ Be6 25. Bxe6+ Qxe6 26. Qb3 Re8 27. Rfc1 Qxb3 28. axb3 a5 29. e3 Ra8 30. Rc6 Ra6 31. d5 Nf6 32. d6 a4 33. bxa4 bxa4 34. Rc7 Ra8 35. d7 Rd8 36. Rc8 1-0